Đo lường chất lượng dịch vụ tại Việt Nam nhìn từ phía khách hàng: Sách chuyên khảo
Nội dung sách có 2 phần, 10 chương - Phần 1 giới thiệu khái quát về dịch vụ, đo lường chất lượng dịch vụ và các vấn đề lý thuyết có liên quan. - Phần 2 nói đến một số dịch vụ được nghiên cứu tại Việt Nam...
সংরক্ষণ করুন:
| প্রধান লেখক: | |
|---|---|
| বিন্যাস: | গ্রন্থ |
| ভাষা: | Vietnamese |
| প্রকাশিত: |
TP Hồ Chí Minh
Tài chính
2018
|
| বিষয়গুলি: | |
| ট্যাগগুলো: |
ট্যাগ যুক্ত করুন
কোনো ট্যাগ নেই, প্রথমজন হিসাবে ট্যাগ করুন!
|
| Thư viện lưu trữ: | Thư viện Trường Đại học Nam Cần Thơ |
|---|
| LEADER | 01305nam a22002057a 4500 | ||
|---|---|---|---|
| 001 | NCT_47668 | ||
| 008 | 180816b xxu||||| |||| 00| 0 vie d | ||
| 999 | |c 2282 |d 2282 | ||
| 020 | |a 9786047917884 |c 149000 | ||
| 082 | 0 | 4 | |2 23rd ed. |a 025.5 |b Gi108 |
| 100 | 1 | |a Hà Nam Khánh Giao | |
| 245 | 1 | 0 | |a Đo lường chất lượng dịch vụ tại Việt Nam nhìn từ phía khách hàng: |b Sách chuyên khảo |c Hà Nam Khánh Giao |
| 260 | |a TP Hồ Chí Minh |b Tài chính |c 2018 | ||
| 300 | |a 490 tr. |b Bảng |c 24cm | ||
| 520 | 3 | |a Nội dung sách có 2 phần, 10 chương - Phần 1 giới thiệu khái quát về dịch vụ, đo lường chất lượng dịch vụ và các vấn đề lý thuyết có liên quan. - Phần 2 nói đến một số dịch vụ được nghiên cứu tại Việt Nam | |
| 653 | |a Quản trị Kinh doanh | ||
| 942 | |2 ddc |c BK | ||
| 952 | |0 0 |1 0 |2 ddc |4 0 |6 025_500000000000000_GI108 |7 0 |9 13225 |a 000001 |b 000001 |d 2018-08-16 |o 025.5 Gi108 |p MD.12771 |r 2020-10-20 |v 149000.00 |w 2018-08-16 |y BK | ||
| 952 | |0 0 |1 0 |2 ddc |4 0 |6 025_500000000000000_GI108 |7 0 |9 13226 |a 000001 |b 000001 |d 2018-08-16 |o 025.5 Gi108 |p MD.12772 |r 2022-01-03 |v 149000.00 |w 2018-08-16 |y BK | ||
| 980 | |a Thư viện Trường Đại học Nam Cần Thơ | ||


